000 01092naa a22002657a 4500
001 BR7500040
003 BR-BrBNA
005 20240918173715.0
007 ta
008 230509b bl.||||| |||| 00| 0 por d
040 _aBR-BrBNA
_bpor
_cBiblioteca Nacional de Agricultura
041 _a(Pt)
072 _aE10
_b2120
_bG514
090 _aE10 BR7500040
110 1 _aFederacao da Agricultura do Estado de Sao Paulo, Sao Paulo (Brasil)
_94567
111 1 _a4. Encontro Cafeeiro em Guaxupe
_cGuaxupe, MG (Brazil)
_d20 Jan 1973
245 1 _aEstudo sobre a politica cafeeira [Brasil]
260 3 _aGuaxupe, MG (Brasil):
_bCooperativa Regional dos Cafeicultores de Guaxupe,
_c1973.
500 _aMadeira, E.C. (comp.) 4. Encontro Cafeeiro em Guaxupe Guaxupe, MG (Brasil): Cooperativa Regional dos Cafeicultores de Guaxupe, 1973. 7 p. (BR7500040-AM)E10
650 _aCAFE
650 _aPOLITICA AGRICOLA
773 0 _t4. Encontro Cafeeiro em Guaxupe
_aMadeira, E.C. (comp.)
_wE10 BR7500040
_gGuaxupe, MG (Brasil), 1973. 7 p.
909 _a202404
_bLucia
_c55
_dLucia Elande
942 _cAM
_2AGRIS
999 _c306330
_d306330